000 00900nmc a2200289 a 4500
003 AR-BaBNM
005 20251128211313.0
008 053120s1998 ||||||||||||||000 | spa||
020 _a84-493-0602-7
040 _cAR-BaBNM
100 1 _aRomans Siques, Mercè
245 1 0 _aLa educación de las personas adultas
_bcómo optimizar la práctica diaria
250 _a1ª ed.
260 _aBarcelona
_bPaidós Ibérica
_c1998
300 _a252 p.
_btablas
490 0 _aPapeles de pedagogía
_vv. 36
504 _aContiene referencias bibliográficas y bibliografía general p. 245-252
650 4 _aEDUCACION PERMANENTE
650 4 _aEDUCACION NO FORMAL
650 4 _aEDUCACION DE ADULTOS
650 4 _aAPRENDIZAJE DE ADULTOS
650 4 _aEDUCADORES DE ADULTOS
650 4 _aPROGRAMAS DE EDUCACION DE ADULTOS
700 1 _aViladot Voegeli, Guillem
942 _cBK
998 _craquel
999 _c19068
_d19068